| 000 | 00676cam a22001935a 4500 | ||
|---|---|---|---|
| 001 | L144709 | ||
| 008 | 080806s2008 xxkdo f 000 0 eng d | ||
| 035 | _a(Sirsi) u144709 | ||
| 041 | 0 | _aeng | |
| 110 | 2 |
_aRoyal Institution of Chartered Surveyors _94900 |
|
| 245 | 0 | 4 | _aThe chartered quantity surveyor's portfolio |
| 260 |
_aLondon _bRICS _c2008 |
||
| 300 |
_a3p. _bill. _c21cm. |
||
| 520 | _aShort pamphlet provides information on highlighted skills found in the quantity surveying profession, including procurement and tendering, life cycle costing and others. | ||
| 521 | _aAdvanced | ||
| 651 | 4 |
_aUnited Kingdom _y |
|
| 690 |
_aQuantity surveying _96263 |
||
| 942 | _n0 | ||
| 999 |
_c108593 _d108593 |
||